Prefecturas Japonesas - Estadísticas

Estadísticas generales
  • Esta prueba ha sido intentada 2.893 veces
  • La puntuación promedio es 16 de 47
Respuestas en el mapa
Las respuestas están codificadas por una escala verde-roja en el mapa de la prueba según el % correcto abajo.
 
Estadísticas de respuestas
Prefecturas % Correcto
Tokio
95%
Osaka
78%
Nagasaki
71%
Hiroshima
70%
Hokkaido
68%
Kioto
67%
Okinawa
61%
Fukushima
47%
Fukuoka
43%
Nara
40%
Saitama
40%
Chiba
35%
Aomori
33%
Akita
32%
Nagano
31%
Niigata
31%
Miyagi
29%
Gunma
27%
Iwate
27%
Kanagawa
27%
Shizuoka
27%
Yamaguchi
27%
Ehime
26%
Kagoshima
26%
Kumamoto
26%
Miyazaki
26%
Aichi
25%
Gifu
25%
Mie
25%
Okayama
25%
Yamagata
25%
Fukui
24%
Ibaraki
24%
Kagawa
24%
Saga
24%
Hyōgo
23%
Ōita
23%
Tottori
23%
Wakayama
23%
Yamanashi
23%
Ishikawa
22%
Kōchi
22%
Toyama
22%
Shiga
21%
Shimane
21%
Tochigi
21%
Tokushima
19%
No se encontraron pruebas coincidentes
Distribución de puntuación
Porcentaje de gente con cada puntuación
Porcentaje por número respondido
Historial de tus puntuaciones
No has intentado esta prueba.